00392nam a2200157Ia 4500003000400000005001700004008004100021050002500062100001600087245004600103260003500149300002900184440000600213521000700219526000800226OSt20140311163110.0140130s9999 xx 000 0 und d aPZ 7b.Ab131S16 2002 aAbott, Tony cAbott, Tony.aThe knights of silversnow / bScholastic,c2002.aNew York : a122 p. :bill. ;c18 cm. v1 aG3 c500